LEADER 01014cam0-22003251i-450- 001 990004572950403321 005 20160419103627.0 035 $a000457295 035 $aFED01000457295 035 $a(Aleph)000457295FED01 035 $a000457295 100 $a19990604d1959----km-y0itay50------ba 101 0 $alat 102 $aIT 105 $ay-------001yy 200 1 $aBiblia sacra$fvulgatae editionis Sixti V Pont. Max.$gissu recognita et Clementis VIII 210 $a[Torino]$cMarietti$d1959 215 $aXIV, 1238 p.$d25 cm 300 $aIn front.: Editio emendatissima critico instructa cura et studio Monachorum Abbatiae Pontificiae Sancti Hieronymi in Urbe Ordinis Sancti Benedicti 500 10$aBibbia$955323 676 $a220.5 702 1$aSixtus$c 702 1$aClemens$dVIII,$cpapa 801 0$aIT$bUNINA$gRICA$2UNIMARC 901 $aBK 912 $a990004572950403321 952 $a220.5 SIX 1$bBibl. 34182$fFLFBC 959 $aFLFBC 996 $aBibbia$955323 997 $aUNINA LEADER 01746nam 2200433 a 450 001 9910699004303321 005 20091214115916.0 035 $a(CKB)5470000002399848 035 $a(OCoLC)488697861 035 $a(EXLCZ)995470000002399848 100 $a20091214d2009 ua 0 101 0 $aeng 135 $aurmn||||||||| 181 $ctxt$2rdacontent 182 $cc$2rdamedia 183 $acr$2rdacarrier 200 00$aComparative hydrology, water quality, and ecology of selected natural and augmented freshwater wetlands in west-central Florida$b[electronic resource] /$fby T.M. Lee ... [and others] ; prepared in cooperation with Pinellas County, Southwest Florida Water Management District, Tampa Bay Water 210 1$aReston, Va. :$cU.S. Geological Survey,$d2009. 215 $a1 online resource (x, 152 pages) $ccolor illustrations, color maps 225 1 $aProfessional paper ;$v1758 300 $aTitle from title screen (viewed Dec. 14, 2009). 320 $aIncludes bibliographical references (pages 135-143). 606 $aWetland hydrology$zFlorida 606 $aWater quality$zFlorida 606 $aWetland ecology$zFlorida 615 0$aWetland hydrology 615 0$aWater quality 615 0$aWetland ecology 701 $aLee$b T. M$g(Terrie Mackin)$01395998 712 02$aPinellas County (Fla.) 712 02$aSouthwest Florida Water Management District (Fla.) 712 02$aTampa Bay Water (Fla.) 712 02$aGeological Survey (U.S.) 801 0$bGPO 801 1$bGPO 906 $aBOOK 912 $a9910699004303321 996 $aComparative hydrology, water quality, and ecology of selected natural and augmented freshwater wetlands in west-central Florida$93528296 997 $aUNINA